000
00291nam a22001337a 4500
003
SGT
020
_a
9784785801342
082
_a
747.79
_b
SHO
100
_a
SHOTEN KENCHIKU
245
_a
WORLD RESTAURANTS AND BARS
260
_a
JAPAN
_b
S.S.C PUB
_c
2002
300
_a
127
942
_2
ddc
_c
BK
999
_c
34400
_d
34400